Statistics for Generator Dash #6

Click here to take the quiz!

General Stats

  • This quiz has been taken 106 times
  • The average score is 7 of 11

Answer Stats

HintAnswer% Correct
Cash alternative (6)Credit
99%
Mouse, rat, eg. (6)Rodent
98%
Light bulb innovator (6)Edison
94%
Place for a mirrored ball (5)Disco
81%
Athlete's illegal substance (7)Steroid
75%
Pilotless plane (5)Drone
74%
Scandinavian (6)Nordic
70%
Clock hand (6)Second
49%
Run the show (6)Direct
42%
Tear into pieces (4)Rend
38%
9-Letter WordDOCTRINES
21%

Score Distribution

Percentile by Number Answered

Percent of People with Each Score

Your Score History

You have not taken this quiz